The Commonwealth of Oceana and A System of Politics.
Enregistré dans:
| Auteur principal: | |
|---|---|
| Autres auteurs: | |
| Format: | Livre |
| Langue: | anglais |
| Publié: |
Cambridge, England:
Cambridge University Press,
1992.
|
| Édition: | First published. |
| Sujets: | |
| Tags: |
Ajouter un tag
Pas de tags, Soyez le premier à ajouter un tag!
|
MARC
| LEADER | 00000nam a22000007a 4500 | ||
|---|---|---|---|
| 003 | CL-VaPUC | ||
| 005 | 20220822114430.0 | ||
| 008 | 220310t1992 ||||| |||| 00| 0 eng d | ||
| 999 | |c 434786 |d 434784 | ||
| 020 | |a 0-521-41189-0 (hardback) | ||
| 020 | |a 0-521-42329-5 (paperback) | ||
| 040 | |c Pontificia Universidad Católica de Valparaíso | ||
| 082 | |a 321.07 HAR 1992 |2 22 | ||
| 100 | |a Harrington, James, |9 452984 |d 1611-1677 | ||
| 245 | |a The Commonwealth of Oceana and A System of Politics. | ||
| 250 | |a First published. | ||
| 260 | |a Cambridge, England: |b Cambridge University Press, |c 1992. | ||
| 300 | |a xxvi, 299 páginas. | ||
| 500 | |a c.1 Donación Familia Prof. Alejandro Guzmán Brito. | ||
| 583 | |c 20220310 |k Yessy Stephany Diaz Vidal | ||
| 650 | 0 | |a Utopías |9 255961 |x Política y gobierno |x Historia | |
| 650 | 0 | |a Estados ideales |9 556393 |x Filosofía política | |
| 700 | |a Pocock, John G. A |9 482571 |e editor | ||
| 942 | |2 ddc |c BK |n 0 | ||
| 952 | |0 0 |1 0 |2 ddc |4 0 |6 321_070000000000000_HAR_1992 |7 0 |8 C_AGB |9 581794 |a BIBDER |b BIBDER |d 2022-03-10 |e Donación |i 5650037 |o 321.07 HAR 1992 |p 5650037 |r 2023-01-25 |t 1 |w 2022-03-10 |y BK_US |k AGB | ||